Профсоюзы и защита трудовых прав (Запись № 11664076)

Подробности
000 -МАРКЕР
контрольное поле 01255nam0a2200253 i 4500
001 - ИДЕНТИФИКАТОР ЗАПИСИ
контрольное поле RU\NLR\BIBL_A\011149419
005 - ИДЕНТИФИКАТОР ВЕРСИИ
контрольное поле 20240921130111.0
021 ## - НОМЕР ГОСУДАРСТВЕННОЙ РЕГИСТРАЦИИ
Код страны Российская Федерация
Номер 2016-24634п
Номер Листа государственной регистраци 1221п
035 ## - ДРУГИЕ СИСТЕМНЫЕ НОМЕРА
Идентификатор записи (NLR Aleph) 011149419
100 ## - ДАННЫЕ ОБЩЕЙ ОБРАБОТКИ
Данные общей обработки 20160609d2016 m y0rusy50 ca
101 0# - ЯЗЫК РЕСУРСА
Язык текста, звукозаписи и т.д. русский
102 ## - СТРАНА ПУБЛИКАЦИИ ИЛИ ПРОИЗВОДСТВА
Страна публикации Российская Федерация
105 ## - ПОЛЕ КОДИРОВАННЫХ ДАННЫХ: ТЕКСТОВЫЕ МАТЕРИАЛЫ, МОНОГРАФИЧЕСКИЕ
Кодированные данные о монографическом текстовом документе y n 000yy
200 1# - ЗАГЛАВИЕ И СВЕДЕНИЯ ОБ ОТВЕТСТВЕННОСТИ
Основное заглавие Профсоюзы и защита трудовых прав
Сведения, относящиеся к заглавию [способы защиты трудовых прав и свобод, гарантии права на труд работникам, ответственность за нарушение прав профессиональных союзов, гарантии освобожденным профсоюзным работникам]
210 ## - ПУБЛИКАЦИЯ, РАСПРОСТРАНЕНИЕ И ДР.
Место издания, распространения и т.д. Москва
Имя издателя, распространителя и т. д. Профиздат
Дата издания, распространения и т.д. 2016
215 ## - ФИЗИЧЕСКАЯ ХАРАКТЕРИСТИКА
Специфическое обозначение материала и объем 80 с
Размеры 20
225 1# - СЕРИЯ
Основное заглавие серии Библиотечка профсоюзного актива и предпринимателей
Обозначение тома № 8, 2016
606 1# - НАИМЕНОВАНИЕ ТЕМЫ КАК ПРЕДМЕТ
Наименование темы Трудовые права
Тематический подзаголовок Защита
-- Участие профсоюзов
Географический подзаголовок Российская Федерация
Системный номер авторитетной/нормативной записи 2355040
Идентификатор авторитетной/нормативной записи RU\NLR\AUTH\661406738
686 1# - ИНДЕКСЫ ДРУГИХ КЛАССИФИКАЦИЙ
Индекс Ф72(2)274-331.2
942 ## - ДОПОЛНИТЕЛЬНЫЕ ЭЛЕМЕНТЫ ЗАПИСИ (АБИС)
Тип экземпляра АБИС Книга
980 ## - КОЛЛЕКЦИЯ
Название коллекции НБР

Нет доступных экземпляров.